000 00755nam0a22002531 4500
001 rc\547739
005 20250621125518.0
035 _a(NLR Aleph) 005784000
090 _a5136107
_c5136107
100 _a20030616d1987 |||y0rusy50 ca
101 0 _arus
102 _aRU
105 _aa |||||||||
200 1 _aШвартовные операции морских судов
210 _aМ.
_cТранспорт
_d1987
215 _a175, [1] с.
_cил.
_d22
320 _aБиблиогр.: с. 174
700 1 _aЦурбан
_bА.И.
_gАполлон Иванович
701 1 _aОганов
_bА.М.
_gАрам Михайлович
801 0 _aRU
_bNLR
_gpsbo
801 1 _aRU
_bELAR
_2rusmarc
852 _aNLR
_j87-5/1930
942 _cBOOK
980 _aNB